000 01154namaa22003011i 4500
003 EG-GICUC
005 20260309113154.0
008 260225s1990 ua ||||jr|||| 000 0 ara d
017 _a1990 / 5700
_bدار الكتب والوثائق القومية (مصر)
040 _aEG-GiCUC
_bara
_cEG-GiCUC
_dEG-GiCUC
_erda
082 0 4 _221
_a415.1
_bL356
092 0 4 _221
_a415.1
_bL356
099 _a415.1 L356
100 1 _aعبد اللطيف، محمد حماسة
_eمؤلف.
245 1 0 _aمن الانماط التحويلية فى النحو العربى /
_cتأليف محمد حماسة عبد اللطيف.
250 _aالطبعة الاولى.
264 _aالقاهرة :
_bمكتبة الخانجى،
_c1991.
300 _a98 ؛ صفحة
_c24 سم.
336 _2rdacontent
_atext
337 _2rdamedia
_aUnmediated
338 _2rdacarrier
_avolume
504 _aيشتمل على ارجاعات ببليوجرافية.
541 _aد . جابر عصفور ؛
_bالقاهرة ؛
_cإهداء ؛
_d2024.
650 1 7 _aاللغة العربية
_xالنحو
_2qrmak
651 1 _2qrmak
905 _aNoha
942 _2ddc
_cBK
_e21
_n0
999 _c178718
_d178718